| 000 | 01111cam a22003257a 4500 | ||
|---|---|---|---|
| 003 | CHAP | ||
| 005 | 20220329142613.0 | ||
| 008 | 010926d2000 mx r 00110 spa d | ||
| 010 | _a85558 | ||
| 011 | _a86530 | ||
| 020 | _a0935702490 | ||
| 035 | _a97068 | ||
| 040 | _cCHAP | ||
| 082 | 0 | 4 |
_a574.192 _bB52 |
| 100 | 0 | 0 |
_aBloomfield, Victor _913216 |
| 245 | 1 | 0 |
_aNucleic acids : _bstructures, properties and functions _c/by Victor A. Bloomfield, Donald M. Crothers and Ignacio Tinoco, Jr. |
| 260 |
_aSausalito, Calif. : _bUniversity Science Books, _c2000. |
||
| 300 |
_a794 p. : _bilus. ; gráfs. |
||
| 590 |
_aBATCH-UPD _b10 _c20130110 _lUCH01 _h0415 |
||
| 590 |
_aBATCH-UPD _b10 _c20130410 _lUCH01 _h0049 |
||
| 590 |
_aBATCH-UPD _b10 _c20130914 _lUCH01 _h0305 |
||
| 590 |
_aCONVERSION _b10 _c20130109 _lUCH01 _h1347 |
||
| 650 | 1 | 4 |
_aAcidos nucléicos. _9603 |
| 700 | 0 | 0 |
_aCrothers, Donald M. _929208 |
| 700 | 0 | 0 |
_aTinoco, Ignacio, Jr. _9113379 |
| 901 | _aBK | ||
| 905 | _aAlejandra Carrasco M. | ||
| 942 | _cLIBRO | ||
| 949 |
_a574.192 B52 _bBC _cLIBRO _d33724000862207 _eLIBRO _h102301 _i97068 _kI.213571 _si _t$ 881.00 |
||
| 999 |
_c85558 _d85558 |
||